Actas das XIX jornadas latino americanas de direito tributário

Uloženo v:
Podrobná bibliografie
Korporativní autor: Instituto Latino Americano de Direito Tributário (Autor)
Médium: Kniha
Jazyk:španělština
portugalština
Vydáno: Lisboa Associacao Fiscal Portuguesa 1998
Témata:
Tagy: Přidat tag
Žádné tagy, Buďte první, kdo vytvoří štítek k tomuto záznamu!

MARC

LEADER 00000nam a2200000 a 4500
001 UCP3527
003 CL-VaPUC
005 20250505102432.0
008 990625e19980000po 1 spa d
041 0 7 |a spa  |2 CL-VaPUC 
041 0 7 |a por  |2 CL-VaPUC 
082 0 4 |a 343.04  |b INS  |2 21 
110 2 |a Instituto Latino Americano de Direito Tributário  |e author  |9 619559 
245 1 0 |a Actas das XIX jornadas latino americanas de direito tributário 
260 |a Lisboa  |b Associacao Fiscal Portuguesa  |c 1998 
300 |a v 
505 0 0 |a v.1: La criminalización de las infracciones tributarias. informes nacionales;v.2: La criminalización de las infracciones tributarias. comunicaciones técnicas;v.3: Encuadramiento fiscal de la subcapitalización de las empresas. informes nacionales. comunicaciones técnicas;v.4: La criminalización de las infracciones tributarias. el encuadramiento fiscal de la subcapitalización de las empresas. relatos generales. conferencias científicas 
583 |a last modification  |c 19990625 00:00:00  |k Rodrigo Vera 
650 0 7 |a DELITOS TRIBUTARIOS  |2 CL-VaPUC  |9 389324 
650 0 0 |a Derecho español  |9 255291 
650 0 0 |a Hacienda pública  |9 258673 
650 0 7 |a LEY  |2 CL-VaPUC  |9 619560 
650 0 7 |a DEUDA TRIBUTARIA  |2 CL-VaPUC  |9 462454 
650 0 0 |a Empresas   |9 255569 
650 0 7 |a SUBCAPITALIZACION  |2 CL-VaPUC  |9 619561 
650 0 7 |a PRESTAMOS  |2 CL-VaPUC  |9 359045 
650 0 0 |a DERECHO COMUNITARIO  |9 381957 
650 0 7 |a POTESTAD  |2 CL-VaPUC  |9 403223 
651 0 |a América Latina   |9 255027 
651 0 |a España  |9 254926 
942 |c BK 
945 |a vberengu  |d 19990625 00:00:00 
546 |a En Español 
546 |a En Portugués 
536 |a Instituto Latino Americano de Direito Tributário 
518 |p Jornadas Latino Americanas de Direito Tributário, XIX, Lisboa, 11-16 de Outubro de 1998 
999 |c 383458  |d 383456 
952 |0 0  |1 0  |4 0  |6 343_040000000000000_INS_1998  |7 0  |8 A  |9 505578  |a BIBDER  |b BIBDER  |d 2020-01-23  |h v.1  |i 3498298  |o 343.04 INS 1998  |p 3498298  |r 2023-01-25  |w 2020-01-23  |y BK  |k DER 
952 |0 0  |1 0  |4 0  |6 343_040000000000000_INS_1998  |7 0  |8 A  |9 505579  |a BIBDER  |b BIBDER  |d 2020-01-23  |h v.2  |i 3498301  |o 343.04 INS 1998  |p 3498301  |r 2023-01-25  |w 2020-01-23  |y BK  |k DER 
952 |0 0  |1 0  |4 0  |6 343_040000000000000_INS_1998  |7 0  |8 A  |9 505580  |a BIBDER  |b BIBDER  |d 2020-01-23  |h v.3  |i 349831K  |o 343.04 INS 1998  |p 349831K  |r 2023-01-25  |w 2020-01-23  |y BK  |k DER 
952 |0 0  |1 0  |4 0  |6 343_040000000000000_INS_1998  |7 0  |8 A  |9 505581  |a BIBDER  |b BIBDER  |d 2020-01-23  |h v.4  |i 3498328  |o 343.04 INS 1998  |p 3498328  |r 2023-01-25  |w 2020-01-23  |y BK  |k DER